The Book of the Prophet Isaiah: (Record no. 3762)

MARC details
000 -LEADER
fixed length control field 00384nam a22001337a 4500
003 - CONTROL NUMBER IDENTIFIER
control field GBCCL
005 - DATE AND TIME OF LATEST TRANSACTION
control field 20241126110503.0
008 - FIXED-LENGTH DATA ELEMENTS--GENERAL INFORMATION
fixed length control field 171208b xxu||||| |||| 00| 0 eng d
040 ## - CATALOGING SOURCE
Transcribing agency gbc
245 ## - TITLE STATEMENT
Title The Book of the Prophet Isaiah:
Remainder of title Chapters XL. - LXVI /
Statement of responsibility, etc. Edited by J. Skinner
260 ## - PUBLICATION, DISTRIBUTION, ETC.
Place of publication, distribution, etc. Cambridge:
Name of publisher, distributor, etc. Cambridge University Press,
Date of publication, distribution, etc. 1906
300 ## - PHYSICAL DESCRIPTION
Extent 251 p.;
Dimensions 18 cm.
942 ## - ADDED ENTRY ELEMENTS (KOHA)
Source of classification or shelving scheme Dewey Decimal Classification
Koha item type Books
Holdings
Withdrawn status Lost status Source of classification or shelving scheme Damaged status Not for loan Home library Current Library Shelving location Date acquired Total checkouts Barcode Date last seen Copy number Price effective from Koha item type
    Dewey Decimal Classification     GRACE BIBLE COLLEGE GRACE BIBLE COLLEGE Vernacular 2017-12-08   001575 2017-12-08 c.1 2017-12-08 Books
© Grace Bible College Library 2025